| 000 | 00962nam a22002177a 4500 | ||
|---|---|---|---|
| 003 | AM-YEHGA | ||
| 005 | 20250617160920.0 | ||
| 008 | 210428b ||||| |||| 00| 0 eng d | ||
| 040 | _aAM-YeHGA | ||
| 041 | 0 | _arus | |
| 245 | 0 | 0 |
_aЭкономика добычи природного газа : _bТематический научно-технический сборник / _cПод общ. ред.Н. М. Николаевского |
| 260 |
_aМосква : _bБ. и., _c1961 |
||
| 300 |
_a72 с., _bграф. |
||
| 440 | 0 | _aДобыча, транспорт и хранение газа | |
| 653 | 0 | _aГазовая промышленность, предприятия - Экономика - Сборники | |
| 653 | 0 | _aГазы природные, горючие - Добыча - Сборники | |
| 700 | 1 |
_aНиколаевский, Николай Матвеевич _eред. _4edt |
|
| 942 |
_2udc _cBK |
||
| 001 | 1765116 | ||
| 090 | _c465531 | ||
| 999 |
_c462352 _d462352 |
||